Most NBA Wins Ever without a Championship - Statistics

General Stats
  • This quiz has been taken 5 times
  • The average score is 4 of 10
Answer Stats
Wins Coach % Correct
1175 George Karl
100%
1221 Jerry Sloan
100%
1335 Don Nelson
80%
672 Mike D'Antoni
40%
760 Nate McMillan
40%
1042 Rick Adelman
40%
667 Mike Fratello
20%
832 Cotton Fitzsimmons
0%
784 Gene Shue
0%
707 Red Holzman
0%
No matching quizzes found
Score Distribution
Percent of People with Each Score
Percentile by Number Answered
Your Score History
You have not taken this quiz